The Balkan volunteers / (Record no. 25558)
[ view plain ]
| 000 -LEADER | |
|---|---|
| fixed length control field | 01031nam a2200301 a 4500 |
| 001 - CONTROL NUMBER | |
| control field | 25558 |
| 003 - CONTROL NUMBER IDENTIFIER | |
| rucl marc code | BD-RjUL |
| 005 - DATE AND TIME OF LATEST TRANSACTION | |
| control field | 20211209050909.0 |
| 008 - FIXED-LENGTH DATA ELEMENTS--GENERAL INFORMATION | |
| fixed length control field | 140318s1968 enkabcf b 001 0 eng d |
| 020 ## - INTERNATIONAL STANDARD BOOK NUMBER | |
| International Standard Book Number | 0090888308 |
| 035 ## - SYSTEM CONTROL NUMBER | |
| System control number | (BD-RjUL)25628 |
| 040 ## - CATALOGING SOURCE | |
| Original cataloging agency | DLC |
| Transcribing agency | DLC |
| Modifying agency | BD-RjUL |
| Language of cataloging | eng |
| 041 ## - LANGUAGE CODE | |
| Language code of text/sound track or separate title | eng |
| 082 00 - DEWEY DECIMAL CLASSIFICATION NUMBER | |
| Classification number | 947.08 |
| Author mark and year | ANB 1968 |
| 100 1# - MAIN ENTRY--PERSONAL NAME | |
| Personal name | Anderson, Dorothy, |
| Dates associated with a name | 1923- |
| 9 (RLIN) | 2237 |
| 245 14 - TITLE STATEMENT | |
| Title | The Balkan volunteers / |
| Statement of responsibility, etc. | Dorothy Anderson. |
| 260 ## - PUBLICATION, DISTRIBUTION, ETC. (IMPRINT) | |
| Place of publication, distribution, etc. | London : |
| Name of publisher, distributor, etc. | Hutchinson, |
| Date of publication, distribution, etc. | c1968. |
| 300 ## - PHYSICAL DESCRIPTION | |
| Pagination | 228 p., [13] leaves of plates : |
| Illustrations | ill., maps (1 fold.) ; |
| Size | 22 cm. |
| 504 ## - BIBLIOGRAPHY, ETC. NOTE | |
| Bibliography, etc | Includes bibliographical references (p. [215]-219) and index. |
| 650 #0 - SUBJECT ADDED ENTRY--TOPICAL TERM | |
| Topical term or geographic name as entry element | Serbo-Turkish War, 1876 |
| General subdivision | Civilian relief. |
| 9 (RLIN) | 78587 |
| Topical term or geographic name as entry element | Serbo-Turkish War, 1876 |
| General subdivision | War work. |
| 9 (RLIN) | 78588 |
| Topical term or geographic name as entry element | Russo-Turkish War, 1877-1878 |
| General subdivision | Civilian relief. |
| 9 (RLIN) | 78589 |
| Topical term or geographic name as entry element | Russo-Turkish War, 1877-1878 |
| General subdivision | War work. |
| 9 (RLIN) | 78590 |
| Topical term or geographic name as entry element | Eastern question (Balkan) |
| Chronological subdivision | 1874-1880. |
| 9 (RLIN) | 78591 |
| 942 ## - ADDED ENTRY ELEMENTS (KOHA) | |
| Source of classification or shelving scheme | Dewey Decimal Classification |
| Koha item type | Books |
| Lost status | Source of classification or shelving scheme | Damaged status | Not for loan | Collection code | Permanent Location | Current Location | Shelving location | Date acquired | Source of acquisition | Cost, normal purchase price | Total Checkouts | Full call number | Date last seen | Copy number | Koha item type |
|---|---|---|---|---|---|---|---|---|---|---|---|---|---|---|---|
| Dewey Decimal Classification | Added to bundle | Non-fiction | Central Library, University of Rajshahi | Central Library, University of Rajshahi | Reading Room | 12/09/1973 | Standard pub. lim. | 56.25 | 947.08 ANB 1968 | 18/03/2014 | C-1 | Books |